| 000 | 01436cam a2200325 a 4500 | ||
|---|---|---|---|
| 001 | 4029194 | ||
| 003 | OSt | ||
| 005 | 20230411164959.0 | ||
| 008 | 971209s1997 mou b 001 0 eng | ||
| 010 | _a 97223430 | ||
| 020 | _a0815170262 | ||
| 040 |
_aDLC _cLC _dDLC |
||
| 050 | 0 | 0 | _aRT49.N87 |
| 082 | 0 | 0 |
_a610.73 _221 |
| 245 | 0 | 0 |
_aNursing diagnosis & intervention: planning for patient care. / _c[edited by] Gertrude K. McFarland, Elizabeth A. McFarlane. |
| 246 | 3 | _aNursing diagnosis and intervention | |
| 250 | _a3rd ed. | ||
| 260 |
_aSt. Louis: _bMosby, _c1997. |
||
| 300 |
_axviii, 939 p. ; _c24 cm. |
||
| 500 | _aPlastic guide card (18 x 10 cm.) inserted. | ||
| 504 | _aIncludes bibliographical references and index. | ||
| 505 | _aContents: Health-perception: Health-management pattern -- Nutritional-metabolic pattern -- Elimination pattern -- Activity-exercise pattern -- Sleep-rest pattern -- Cognitive-perceptual pattern -- Self-perception: Self concept pattern -- Role-relationship pattern -- Sexuality-reproductive pattern -- Coping: stress-tolerance pattern -- Value-belief pattern -- | ||
| 650 | 0 |
_aNursing care plans. _91179 |
|
| 650 | 0 |
_aDiagnosis. _91180 |
|
| 700 | 1 |
_aMcFarland, Gertrude K., _91181 |
|
| 700 | 1 |
_aMcFarlane, Elizabeth A. _91182 |
|
| 906 |
_a7 _bcbc _corignew _d2 _encip _f19 _gy-gencatlg |
||
| 942 |
_2lcc _cBK |
||
| 999 |
_c9500 _d17000 |
||